000
00333nam a2200133Ia 4500
008
240624s9999 xx 000 0 und d
041
_a
eng
082
_a
920 KAM
100
_a
KAMATH M V
245
_a
NARENDRA MODI THE ARCHITECT OF A MODERN
260
_c
2009
_a
New Delhi
_b
Rupa and Company
300
_a
312 : p.
365
_c
RS
_b
25
999
_c
17616
_d
17616